000 00351nam a22001457a 4500
003 OSt
005 20220228101717.0
008 220228b |||||||| |||| 00| 0 eng d
020 _a0124383807
040 _cH U
082 _a910.285
100 _aLaurini Robert
_94981
245 _aFundamentals Of Spatial Information Systems
942 _2ddc
_cBOOKS
_n0
999 _c31851
_d31851